000 00745nam a2200253 i 4500
001 bg
100 1 _aNEYMAN, Antoni
245 1 0 _aFretting w elementach maszyn /
_cAntoni Neyman.
260 _aGdańsk :
_bWydaw. Politechniki Gdańskiej,
_c2003.
300 _a86 s. :
_bil. ;
_c24 cm.
504 _aBibliogr.
650 9 _aMaszyny
_xeksploatacja
_xteoria
650 9 _aTarcie
_xzagadnienia
650 9 _aTrybologia
_xzagadnienia
650 9 _aSmary
_xzagadnienia
650 9 _aWytrzymałość materiałów
_xbadanie
_xzagadnienia
020 _a837348048X
040 _cBPK
041 0 _apol
080 _a621-1/-8.004:620.1:531.4:621.89:539.3/.5
920 _a83-7348-048-X
942 _cKS
008 s pl f |000 0 pol
999 _c43084
_d43084
856 _uhttp://koha.tu.koszalin.pl/cgi-bin/koha/opac-detail.pl?biblionumber=43084
_yKatalog online BPK